| 000 -LEADER |
| fixed length control field |
03488cam a2200313 a 4500 |
| 005 - DATE AND TIME OF LATEST TRANSACTION |
| control field |
20200807171142.0 |
| 008 - FIXED-LENGTH DATA ELEMENTS--GENERAL INFORMATION |
| fixed length control field |
080604s2009 nyua b 100 0 eng |
| 010 ## - LIBRARY OF CONGRESS CONTROL NUMBER |
| LC control number |
2008024927 |
| 016 7# - NATIONAL BIBLIOGRAPHIC AGENCY CONTROL NUMBER |
| Record control number |
014754673 |
| Source |
Uk |
| 020 ## - INTERNATIONAL STANDARD BOOK NUMBER |
| International Standard Book Number |
9781568987989 (hardcover : alk. paper) |
| 020 ## - INTERNATIONAL STANDARD BOOK NUMBER |
| International Standard Book Number |
1568987986 (hardcover : alk. paper) |
| 082 00 - DEWEY DECIMAL CLASSIFICATION NUMBER |
| Classification number |
721/.04496 |
| Edition number |
22 |
| 245 00 - TITLE STATEMENT |
| Title |
Engineered transparency : |
| Remainder of title |
the technical, visual, and spatial effects of glass / |
| Statement of responsibility, etc |
Michael Bell and Jeannie Kim, editors. |
| 250 ## - EDITION STATEMENT |
| Edition statement |
1st ed. |
| 260 ## - PUBLICATION, DISTRIBUTION, ETC. (IMPRINT) |
| Place of publication, distribution, etc |
New York : |
| Name of publisher, distributor, etc |
Princeton Architectural Press, |
| Date of publication, distribution, etc |
c2009. |
| 300 ## - PHYSICAL DESCRIPTION |
| Extent |
272 p. : |
| Other physical details |
ill. (chiefly col.) ; |
| Dimensions |
28 cm. + |
| Accompanying material |
1 DVD-ROM (4 3/4 in.) |
| 504 ## - BIBLIOGRAPHY, ETC. NOTE |
| Bibliography, etc |
Includes bibliographical references. |
| 505 0# - FORMATTED CONTENTS NOTE |
| Formatted contents note |
Foreword / Edwin B. Hathaway -- Preface / Mark Wigley -- Introduction / Michael Bell -- Portfolio : SANAA / Jeannie Kim -- Essays : Bioconstructivisms / Detlef Martins -- Mirror glass (a fragment) / Reinhold Martin -- A crystal world: between reason and spectacle / Joan Ockman -- The structure of transparency / Nina Rappaport -- Demands on glass beyond pure transparency / Robert Heintges -- Glass at the limits / Antoine Picon -- Infrathin / Guy Nordenson -- Unclear vision: architectures of surveillance / Beatriz Colomina -- Is glass still glass? / Kenneth Frampton -- Insulating glazing units: fabrication and memory of weight and stress / Michael Bell -- Projects : Nelson-Atkins Museum of Art, Kansas City, Mo. / Steven Holl -- Gefter-Press House, Ghent, N.Y. / Michael Bell -- The Glass Pavilion, Toledo Museum of Art, Toledo, Ohio / Toshihiro Oki -- IAC / InterActiveCorp., New York, Michael Bell -- 7 World Trade Center, New York / James Carpenter -- 11 March Memorial, Atocha Train Station, Madrid, Spain / Miguel Jaenicke Fontao -- Technical innovations: material and light : Electrochromic windows / Thomas J. Richardson -- Double performances / Scott Marble -- Conversions of light / Graham Dodd -- Solar vision / Bernhard Weller, Susanne Rexroth, and Stefan Unnewehr -- Optics, waves, and particles / Michelle Addington -- Technical innovations: structure and glass : Engineered glass / Werner Sobek -- Making visions reality / Jens Schneider -- Maximum glass / Richard L. Tomasetti -- Fifteen proposals / Ulrich Knaack -- Glazing for extreme loadings / H. Scott Norville -- Adhesive connections / Bernhard Weller, Silke Tasche, and Stefan Unnewehr -- Explosive loadings and flexible facades / Robert Smilowitz -- Telecom Center, Munich, Germany / Albrecht Burmeister -- Visual and spatial effects : Inside outside / frame and frameless / Laurie Hawkinson -- Beyond transparency / James Carpenter -- Curtain wall / aberrant masonry at 277 Mott Street / Stefan Röschert -- Energy and comfort / Matthias Schuler -- Shadows and light / François Roche -- Phantom house: sustaining the American dream / Elizabeth Diller -- Afterword / Christian Meyer. |
| 650 #0 - SUBJECT ADDED ENTRY--TOPICAL TERM |
| Topical term or geographic name as entry element |
Glass construction |
| Form subdivision |
Congresses. |
| 650 #0 - SUBJECT ADDED ENTRY--TOPICAL TERM |
| Topical term or geographic name as entry element |
Architecture, Modern |
| Chronological subdivision |
21st century |
| Form subdivision |
Congresses. |
| 650 #0 - SUBJECT ADDED ENTRY--TOPICAL TERM |
| Topical term or geographic name as entry element |
Architectural glass |
| Form subdivision |
Congresses. |
| 653 1# - INDEX TERM--UNCONTROLLED |
| Uncontrolled term |
Engineered transparancy |
| 700 1# - ADDED ENTRY--PERSONAL NAME |
| Personal name |
Bell, Michael |
| Fuller form of name |
(Michael J.) |
| 700 1# - ADDED ENTRY--PERSONAL NAME |
| Personal name |
Kim, Jeannie, |
| Dates associated with a name |
1974- |
| 856 41 - ELECTRONIC LOCATION AND ACCESS |
| Materials specified |
Table of contents only |
| Uniform Resource Identifier |
<a href="http://www.loc.gov/catdir/toc/ecip0820/2008024927.html">http://www.loc.gov/catdir/toc/ecip0820/2008024927.html</a> |
| 906 ## - LOCAL DATA ELEMENT F, LDF (RLIN) |
| a |
7 |
| b |
cbc |
| c |
orignew |
| d |
1 |
| e |
ecip |
| f |
20 |
| g |
y-gencatlg |
| 942 ## - ADDED ENTRY ELEMENTS (KOHA) |
| Source of classification or shelving scheme |
|
| 955 ## - COPY-LEVEL INFORMATION (RLIN) |
| Classification number, CCAL (RLIN) |
jh00 2008-06-04; |
| Copy information and material description, CCAL + MDES (RLIN) |
jh32 2008-06-04 to Subj. |
| Classification number, CCAL (RLIN) |
aa17 2008-06-12 |
| -- |
xe06 2009-12-01 1 copy rec'd., to CIP ver. |
| -- |
Item 00240206432 left CCS 2010-02-02 |